| 000 | 00497nam a2200169 a 4500 | ||
|---|---|---|---|
| 001 | 3802 | ||
| 003 | CDMR | ||
| 005 | 20130523192932.0 | ||
| 008 | 130130s2007||||||||||||||||||||||||||||d | ||
| 020 | _a8478718524 | ||
| 040 |
_aCDMR _bcat _cCPC GIRONA |
||
| 100 | 1 |
_aPilger, John _92688 |
|
| 245 | 1 | 2 |
_a¡ Basta de mentiras ! _b: el periodismo de investigación que está cambiando el mundo _cPilger, John |
| 260 |
_c2007 _bRBA _aBarcelona |
||
| 650 | 0 | 4 |
_93353 _aPeriodisme d'investigació |
| 942 |
_cMON _2udc |
||
| 999 |
_c3802 _d3802 |
||